[Event "26th Schwarzacher Open"]
[Site "Schwarzach AUT"]
[Date "2011.08.27"]
[Round "8"]
[White "Lund,E"]
[Black "De Haan,E"]
[Result "1-0"]
[WhiteElo "2388"]
[BlackElo "2323"]

1.d4 Nf6 2.c4 g6 3.Nc3 d5 4.cxd5 Nxd5 5.e4 Nxc3 6.bxc3 Bg7 7.Bc4 c5 8.Ne2 O-O
9.Be3 Nc6 10.O-O Qc7 11.Rc1 b6 12.Qd2 Bb7 13.Bf4 e5 14.Bh6 Rad8 15.Bg5 Ra8
16.d5 Na5 17.Bd3 Bc8 18.c4 Nb7 19.Be3 Nd6 20.f4 f6 21.Ng3 exf4 22.Bxf4 Bd7
23.h4 Rae8 24.Rce1 Bc8 25.Qd1 Qd8 26.Qf3 Nf7 27.Nh1 f5 28.exf5 Rxe1 29.Rxe1 Qxh4
30.Bg3 Qd4+ 31.Bf2 Ne5 32.Bxd4 Nxf3+ 33.gxf3 Bxd4+ 34.Kg2 Bxf5 35.Bxf5 Rxf5
36.Re7 Rf7 37.Re8+ Rf8 38.Re7 a6 39.a4 Rb8 40.Ng3 b5 41.axb5 axb5 42.cxb5 Rxb5
43.Ne4 Rb2+ 44.Kg3 Rb6 45.Kf4 h5 46.d6 Kf8 47.Re6 Rb7 48.Ng5 Bc3 49.Rxg6 Bd2+
50.Ke5 Bxg5 51.Rxg5 Rb1 52.Ke6 Re1+ 53.Kd7 c4 54.Kc7 Ra1 55.d7 Ra7+ 56.Kc6 Ra6+
57.Kb7 Rd6 58.Kc7 Ke7 59.Re5+  1-0

[Event "Circuito CBX IM"]
[Site "Natal BRA"]
[Date "2011.08.28"]
[Round "4"]
[White "Macedo,MIa"]
[Black "Cavalcanti,F"]
[Result "1-0"]
[WhiteElo "2309"]
[BlackElo "2291"]

1.d4 Nf6 2.c4 g6 3.Nc3 d5 4.cxd5 Nxd5 5.e4 Nxc3 6.bxc3 Bg7 7.Bc4 O-O 8.Ne2 c5
9.O-O Nc6 10.Be3 Qc7 11.Rc1 b6 12.dxc5 bxc5 13.Bd5 e6 14.Bf4 Qd7 15.Bc4 Ne5
16.Qxd7 Bxd7 17.Ba6 Bc6 18.f3 Rfb8 19.Bxe5 Bxe5 20.Rc2 Rb6 21.Bc4 Rd8 22.Kf2 Ba4
23.Rcc1 Rd2 24.Ke3 Rd8 25.f4 Bg7 26.Rb1 Rdb8 27.Bd3 Rb2 28.e5 Bc6 29.g3 f6
30.exf6 Bxf6 31.Rxb2 Rxb2 32.Rb1 Rb6 33.Rxb6 axb6 34.c4 Kg7 35.Be4 Bd7 36.Nc1 Bd4+
37.Kf3 Kf6 38.h4 Ba4 39.Nb3 Bb2 40.g4 Be8 41.g5+ Ke7 42.h5 Bf7 43.hxg6 Bxg6
44.Bxg6 hxg6 45.Ke4 Bc3 46.Nc1 Kd6 47.Nd3 Bd4 48.Ne1 Bc3 49.Nf3 Ke7 50.Ne5 Bxe5
51.Kxe5 Kd7 52.a3 Ke7 53.a4 Kd7 54.Kf6 Kd6 55.Kxg6 e5 56.fxe5+ Kxe5 57.Kf7 Kd4
58.g6 Kxc4 59.g7 Kb4 60.g8=Q Kxa4 61.Qg4+ Kb3 62.Qe6+ c4 63.Qxb6+ Kc2 64.Qf2+ Kb3
65.Qd2  1-0

[Event "23rd Schlosspark-Open"]
[Site "Wiesbaden GER"]
[Date "2011.08.28"]
[Round "7.12"]
[White "Nabavi,P"]
[Black "Eg,K"]
[Result "1-0"]
[WhiteElo "2202"]
[BlackElo "2007"]

1.d4 Nf6 2.c4 g6 3.Nc3 d5 4.cxd5 Nxd5 5.e4 Nxc3 6.bxc3 Bg7 7.Nf3 c5 8.Rb1 Nc6
9.d5 Ne5 10.Nxe5 Bxe5 11.Qd2 Qa5 12.Rb3 O-O 13.f4 Bg7 14.Be2 c4 15.Bxc4 Bd7
16.Bd3 Ba4 17.Rb4 Rfc8 18.c4 b5 19.Rxb5 Qxb5 20.cxb5 Bc3 21.Ba3 Rc7 22.Ke2 Bxd2
23.Kxd2 Rac8 24.Rb1 Bc2 25.Rc1 Bxd3 26.Rxc7 Rxc7 27.Kxd3 Kf8 28.d6 Rd7 29.e5 exd6
30.Bxd6+ Ke8 31.a4 Kd8 32.a5 a6 33.bxa6 Ra7 34.Kc4 Rxa6 35.Kb5 Ra7 36.Kb6 Ra8
37.a6  1-0

[Event "FIDE World Cup 2011"]
[Site "Khanty-Mansiysk RUS"]
[Date "2011.08.29"]
[Round "1.2"]
[White "Mareco,S"]
[Black "Berkes,F"]
[Result "1/2-1/2"]
[WhiteElo "2597"]
[BlackElo "2696"]

1.d4 Nf6 2.c4 g6 3.Nc3 d5 4.cxd5 Nxd5 5.e4 Nxc3 6.bxc3 Bg7 7.Nf3 c5 8.Be3 Qa5
9.Nd2 Nd7 10.Rc1 O-O 11.Be2 Qxa2 12.O-O Qa5 13.e5 Qd8 14.f4 cxd4 15.Bxd4 Nb8
16.Bf3 Qc7 17.Ne4 Nc6 18.Qa4 Bd7 19.Qa3 Rad8 20.Be3 Bc8 21.c4 Bh6 22.Nc3 Rd3
23.Qc5 Qxe5 24.Nd5 Qd6 25.Be4 Rb3 26.Bc2 Rb2 27.Ba4 Bg7 28.Bxc6 Qxc5 29.Bxc5 bxc6
30.Nxe7+ Kh8 31.Bxa7 Be6 32.Rfd1 Rb7 33.Bc5 Re8 34.Rb1 Rxb1 35.Rxb1 Bxc4
36.Nxc6 h5 37.Ne5 Bd5 38.Rd1 Be6 39.Bd4 Kg8 40.Nc6 Bf8 41.h3 Rc8 42.Ne5 Be7
43.Bf2 Ra8 44.Nc6 Bf6 45.Bd4 Kg7 46.Rd2 Ra4 47.Kf2 Bc8 48.Bxf6+ Kxf6 49.Nd4 h4
50.Ke3 Ra3+ 51.Kf2 Ra4 52.Ke3 Bb7 53.Kf2 Ba8 54.Ne2 Ra3 55.Rd6+ Kf5 56.Rb6 Ra2
57.Rb5+ Kf6 58.Rg5 Bb7 59.Ke3 Ra3+ 60.Kf2 Ba6 61.Nd4 Ra4 62.Ke3 Bb7 63.Rg4 Ra3+
64.Kf2 Ra2+ 65.Kg1 Ra1+ 66.Kf2 Ra2+ 67.Kg1 Ra1+ 68.Kf2 Ra2+  1/2-1/2

[Event "10th Sunny Beach Open"]
[Site "Sunny Beach BUL"]
[Date "2011.08.29"]
[Round "3.38"]
[White "Rosenkilde,A"]
[Black "Krustev,V"]
[Result "0-1"]
[WhiteElo "2235"]
[BlackElo "2025"]

1.d4 Nf6 2.c4 g6 3.Nc3 d5 4.cxd5 Nxd5 5.e4 Nxc3 6.bxc3 Bg7 7.Bc4 c5 8.Ne2 Nc6
9.Be3 O-O 10.O-O Qc7 11.Rc1 Bd7 12.dxc5 Ne5 13.Bd5 Rad8 14.Qc2 e6 15.Bb3 Ng4
16.Bf4 Be5 17.g3 Qxc5 18.Bd2 Bg7 19.h3 Ne5 20.Be3 Qa5 21.f4 Nc6 22.Rcd1 Qh5
23.Kg2 Na5 24.Bxa7 Nxb3 25.axb3 Bc6 26.Nd4 Bxd4 27.Bxd4 f5 28.Kh2 Bxe4 29.Qf2 h6
30.Ra1 g5 31.Ra2 Ra8 32.Rfa1 Rxa2 33.Qxa2 b5 34.Qf2 Ra8 35.Re1 Bd5 36.c4 bxc4
37.bxc4 Bxc4 38.Bb2 Rd8 39.Ba1 Qf7 40.Qb2 Kh7 41.Rc1 Qd7 42.Rd1 Bd5 43.Qe5 Rc8
44.Rd2 Rc1 45.g4 Rh1+ 46.Kg3 gxf4+ 47.Kxf4 Rf1+ 48.Kg3 f4+ 49.Kh4 Qe7+ 50.Kh5 Qf7+
51.Kh4 Rxa1 52.Rc2 Qe7+ 53.Kh5 Qg5+ 54.Qxg5 hxg5 55.Kxg5 f3 56.Rc7+ Kg8 57.Kf6 Ra8
58.Rg7+ Kh8 59.Kg6 Rg8  0-1

[Event "FIDE World Cup 2011"]
[Site "Khanty-Mansiysk RUS"]
[Date "2011.08.30"]
[Round "1.3"]
[White "Vorobiov,E"]
[Black "Sutovsky,E"]
[Result "1/2-1/2"]
[WhiteElo "2574"]
[BlackElo "2700"]

1.d4 Nf6 2.c4 g6 3.Nc3 d5 4.cxd5 Nxd5 5.e4 Nxc3 6.bxc3 Bg7 7.Qa4+ Nd7 8.Nf3 O-O
9.Bg5 c5 10.Rb1 Qc7 11.Bd3 e5 12.d5 f5 13.O-O Qd6 14.Nd2 Nb6 15.Rxb6 Qxb6
16.Be7 Qb2 17.Bxf8 Bxf8 18.Nc4 b5 19.Nxb2 bxa4 20.Nxa4 Bd7 21.Nb2 Rb8 22.Nc4 Bg7
23.Rb1 Rxb1+ 24.Bxb1 Kf7 25.f3 h5 26.Kf2 h4 27.g3 h3 28.Bd3 Kf6 29.Bc2 Bh6  1/2-1/2

[Event "TCh-ESP CECLUB Div 1 GpA"]
[Site "Sabadell ESP"]
[Date "2011.08.31"]
[Round "3"]
[White "Gual Pascual,A"]
[Black "Fluvia Poyatos,Jor"]
[Result "1/2-1/2"]
[WhiteElo "2436"]
[BlackElo "2469"]

1.d4 Nf6 2.c4 g6 3.Nc3 d5 4.cxd5 Nxd5 5.e4 Nxc3 6.bxc3 Bg7 7.Qa4+ c6 8.Nf3 O-O
9.Bg5 c5 10.Qa3 Qc7 11.Rc1 b6 12.Bd3 Bg4 13.Nd2 Nc6 14.h3 Bc8 15.Nf3 Bb7
16.O-O Na5 17.Rfe1 e6 18.Bf1 Rac8 19.Bh4 Rfe8 20.Bg3 Qe7 21.d5 exd5 22.exd5 Qd7
23.Rxe8+ Rxe8 24.Rd1 c4 25.Qc1 Qf5 26.Re1 Rxe1 27.Qxe1 Qxd5 28.Qe8+ Bf8 29.Ne5 Kg7
30.Ng4 Bd6 31.Ne3 Qc5 32.Bxd6 Qxd6 33.Nxc4 Nxc4 34.Bxc4 Bd5 35.Bxd5 Qxd5
36.a4 Qc5 37.Qd7 Qxc3 38.Qxa7 Qe1+ 39.Kh2 Qxf2 40.Qd7 Qf4+ 41.Kh1 h5 42.Qb5 Qd4
43.Kh2 h4 44.Kh1 Kf6 45.Qf1+ Kg7 46.Qb5 f6 47.Qc6 g5 48.Qb7+ Kg6 49.Qc6 Kf5
50.Qf3+ Ke5 51.Qc6 Qd1+ 52.Kh2 Qd6 53.Qc3+ Ke4+ 54.Kh1 Qd1+ 55.Kh2 Qd4 56.Qc6+ Kd3
57.Kh1  1/2-1/2

[Event "10th Sunny Beach Open"]
[Site "Sunny Beach BUL"]
[Date "2011.09.01"]
[Round "6.15"]
[White "Colovic,A"]
[Black "Pancevski,F"]
[Result "1/2-1/2"]
[WhiteElo "2450"]
[BlackElo "2410"]

1.d4 Nf6 2.c4 g6 3.Nc3 d5 4.cxd5 Nxd5 5.e4 Nxc3 6.bxc3 Bg7 7.Bc4 c5 8.Ne2 O-O
9.O-O Nc6 10.Be3 cxd4 11.cxd4 Na5 12.Bd3 Nc6 13.Bc4 Na5 14.Bd3 Nc6  1/2-1/2

[Event "VII Ugra Governor's Cup"]
[Site "Khanty-Mansiysk RUS"]
[Date "2011.09.02"]
[Round "3"]
[White "Pashikian,A"]
[Black "Shinkevich,V"]
[Result "1/2-1/2"]
[WhiteElo "2616"]
[BlackElo "2474"]

1.d4 Nf6 2.c4 g6 3.Nc3 d5 4.cxd5 Nxd5 5.e4 Nxc3 6.bxc3 Bg7 7.Be3 O-O 8.Nf3 c5
9.Be2 b6 10.Rc1 Ba6 11.O-O Qc8 12.d5 Bxe2 13.Qxe2 e6 14.Rfd1 exd5 15.exd5 Re8
16.Qb5 Qd7 17.Qb3 Qf5 18.a4 Nd7 19.a5 Rab8 20.axb6 axb6 21.c4 Nf6 22.Qd3 Qxd3
23.Rxd3 Nd7 24.Bf4 Ra8 25.g3 Ra2 26.Kf1 Re4 27.Re1 Rxe1+ 28.Kxe1 Ra8 29.Re3 Nf6
30.Bc7 b5 31.d6 bxc4 32.Rc3 Nd7 33.Rxc4 f5 34.Rc2 Bf6 35.Kf1 Kf7 36.Nd2 Ke6
37.Nc4 Kd5 38.Nb6+ Nxb6 39.Bxb6 Kxd6 40.Bxc5+ Ke6 41.Be3  1/2-1/2

[Event "FIDE World Cup 2011"]
[Site "Khanty-Mansiysk RUS"]
[Date "2011.09.03"]
[Round "3.1"]
[White "Kamsky,G"]
[Black "Nepomniachtchi,I"]
[Result "1-0"]
[WhiteElo "2741"]
[BlackElo "2711"]

1.d4 Nf6 2.c4 g6 3.Nc3 d5 4.cxd5 Nxd5 5.e4 Nxc3 6.bxc3 Bg7 7.Bc4 c5 8.Ne2 Nc6
9.Be3 O-O 10.O-O Qc7 11.Rb1 a6 12.Bf4 Qa5 13.Bd5 cxd4 14.cxd4 Bg4 15.f3 Be6
16.Bd2 Qc7 17.Bxe6 fxe6 18.Bc3 Rad8 19.Qb3 Nxd4 20.Bxd4 Bxd4+ 21.Nxd4 Rxd4
22.Qxe6+ Rf7 23.Rbc1 Qd6 24.Qc8+ Kg7 25.Qxb7 Rd2 26.Qb3 e5 27.Rcd1 Qd4+ 28.Kh1 Rd7
29.Rxd2 Qxd2 30.Qe6 Qd6 31.Qxd6 Rxd6 32.h4 Rd2 33.Rc1 Rxa2 34.Rc7+ Kf6 35.Rxh7 a5
36.Ra7 a4 37.Kh2 a3 38.Kh3 Ke6 39.Ra6+ Kf7 40.Kg3 Kg7 41.Re6 Re2 42.Rxe5 a2
43.Ra5 Kf6 44.f4 Rxe4 45.Rxa2 Kg7 46.Kg4 Rb4 47.Ra5  1-0

[Event "VII Ugra Governor's Cup"]
[Site "Khanty-Mansiysk RUS"]
[Date "2011.09.04"]
[Round "5"]
[White "Vorobiov,E"]
[Black "Kotlyar,K"]
[Result "1-0"]
[WhiteElo "2574"]
[BlackElo "2241"]

1.d4 Nf6 2.c4 g6 3.Nc3 d5 4.cxd5 Nxd5 5.e4 Nxc3 6.bxc3 Bg7 7.Nf3 O-O 8.Bd3 c5
9.Qa4 Qc7 10.Bg5 Nd7 11.Rb1 cxd4 12.cxd4 e5 13.Rc1 Qd6 14.d5 Nc5 15.Qc2 Nxd3+
16.Qxd3 f5 17.Nd2 fxe4 18.Nxe4 Qb4+ 19.Bd2 Qd4 20.Qxd4 exd4 21.Rc7 Re8 22.f3 Be5
23.Rc1 Bf5 24.g4 Bd7 25.Kf2 Red8 26.f4 Bg7 27.Kg3 Be8 28.Rc7 Bf7 29.d6 Bd5
30.Re1 Rac8 31.f5 Bc6 32.f6 Bf8 33.Bf4 h6 34.f7+ Kh7 35.Nf6+ Kg7 36.Re8 Ra8
37.Be5 d3 38.Rce7 Bxe7 39.Rxe7 Rf8 40.Nd7+ Kh7 41.Nf6+ Kg7 42.Nd7+ Kh7 43.Nxf8+ Rxf8
44.Kf2  1-0

[Event "TCh-SRB Premier Men"]
[Site "Valjevo SRB"]
[Date "2011.09.04"]
[Round "9.2"]
[White "Pavlovic,Milos"]
[Black "Sedlak,N"]
[Result "1/2-1/2"]
[WhiteElo "2541"]
[BlackElo "2580"]

1.d4 Nf6 2.c4 g6 3.Nc3 d5 4.cxd5 Nxd5 5.e4 Nxc3 6.bxc3 Bg7 7.Be3 c5 8.Rc1 Qa5
9.Qd2 Nd7 10.Nf3 O-O 11.Bd3 e5 12.d5 f5 13.Bg5 Nf6 14.Bxf6 Bxf6 15.O-O f4
16.Rb1 Qc7 17.Qd1 g5 18.d6 Qg7 19.Bc4+ Kh8 20.Qd5 g4 21.Ne1 Re8 22.d7 Qxd7
23.Nd3 Qg7 24.Nxc5 Rd8 25.Qf7 b6 26.Qxg7+ Kxg7 27.Ne6+ Bxe6 28.Bxe6 h5 29.Rfd1 Be7
30.f3 Kf6 31.Bd7 Bc5+ 32.Kf1 Rg8 33.Ke2 Rg7 34.Bf5 Rag8 35.Rd2 Rg5 36.Rbd1 R8g7
37.Bd7 Rg8 38.Bf5 R5g7 39.Bd7 Kg5 40.Be6 Re8 41.Rd7 Rxd7 42.Bxd7 Re7 43.Bf5 Rc7
44.Rd7 Rxd7  1/2-1/2

[Event "Yuzhny Open"]
[Site "Yuzhny UKR"]
[Date "2011.09.04"]
[Round "3.26"]
[White "Borzov,D"]
[Black "Bernatskiy,Alexander"]
[Result "1-0"]
[WhiteElo "2146"]
[BlackElo "1963"]

1.d4 Nf6 2.c4 g6 3.Nc3 d5 4.cxd5 Nxd5 5.e4 Nxc3 6.bxc3 Bg7 7.Nf3 O-O 8.Rb1 c5
9.Be2 cxd4 10.cxd4 Nc6 11.d5 Ne5 12.O-O Nxf3+ 13.Bxf3 b6 14.Qa4 Bd7 15.Qb4 Re8
16.Bg5 h6 17.Be3 e6 18.Rbc1 exd5 19.exd5 g5 20.Bd4 g4 21.Bxg7 gxf3 22.Bb2 Qg5
23.g3 Kh7 24.Qd4 Rad8 25.h4 Qg6 26.Qf4 Re4 27.h5 Qf5 28.Qxf5+ Bxf5 29.Rc7 Kg8
30.Rxa7 Rb4 31.Bf6 Re8 32.d6 Rb5 33.d7 Bxd7 34.Rxd7 Rxh5 35.Rd8 Rxd8 36.Bxd8 b5
37.Be7 Re5 38.Bb4 Kh7 39.a3 Kg6 40.Re1 Rd5 41.Re3 Rf5 42.Bd6 h5 43.Bf4 h4
44.Rxf3 hxg3 45.fxg3 Rd5 46.Kg2 f5 47.Rc3 Kf7 48.Kf3 Ke6 49.Ke3 Kf7 50.Rd3 Rc5
51.Kd4 Rc8 52.Ke5 Rc5+ 53.Rd5 Rc3 54.Kxf5 Rxa3 55.Rxb5 Ra2 56.g4 Re2 57.g5 Re8
58.Rb7+ Kg8 59.Rb8  1-0

[Event "Yuzhny Open"]
[Site "Yuzhny UKR"]
[Date "2011.09.05"]
[Round "5.19"]
[White "Afanasjev,An"]
[Black "Troshohenko,P"]
[Result "0-1"]
[WhiteElo "2045"]
[BlackElo "2200"]

1.d4 Nf6 2.c4 g6 3.Nc3 d5 4.cxd5 Nxd5 5.e4 Nxc3 6.bxc3 Bg7 7.Bc4 O-O 8.Ne2 c5
9.Be3 Nc6 10.O-O Bg4 11.f3 cxd4 12.cxd4 Na5 13.Bxf7+ Rxf7 14.fxg4 Rxf1+ 15.Kxf1 Qd7
16.h3 Qe6 17.Qd3 Nc4 18.Bf4 b5 19.Rc1 a6 20.g5 Rd8 21.Rc2 Qb6 22.Qb3 Bxd4
23.Nc3 e6 24.Ke2 Bg1 25.Nd1 Qd4 26.Rc3 Qxe4+ 27.Be3 Bxe3 28.Nxe3 Rd2+  0-1

[Event "10th Izmir Open"]
[Site "Izmir TUR"]
[Date "2011.09.07"]
[Round "8"]
[White "Kumsiashvili,N"]
[Black "Isik,E"]
[Result "0-1"]
[WhiteElo "2022"]
[BlackElo "2222"]

1.d4 Nf6 2.c4 g6 3.Nc3 d5 4.cxd5 Nxd5 5.e4 Nxc3 6.bxc3 Bg7 7.Bc4 c5 8.Ne2 Nc6
9.Be3 O-O 10.O-O Qc7 11.Rc1 b6 12.Qa4 Na5 13.Bd3 Rd8 14.h3 a6 15.Rfd1 Bb7
16.Qa3 Rac8 17.d5 b5 18.Bxc5 Qxc5 19.Qxa5 Bh6 20.Rb1 f5 21.exf5 Rxd5 22.Nd4 gxf5
23.a4 Kh8 24.axb5 Rg8 25.Bf1 Rd6 26.Kh1 Rdg6 27.f3 e5 28.Nxf5 Bxf3 29.Nh4 Rg3
30.Nxf3 Rxf3 31.Be2 Rxh3+ 32.gxh3 Qe3 33.Bg4 Qe4+ 34.Kg1 Be3+ 35.Kh2 Qc2+
36.Kh1 Bf4 37.Kg1 Qh2+ 38.Kf1 Be3  0-1

[Event "13th Trieste Open"]
[Site "Trieste ITA"]
[Date "2011.09.07"]
[Round "6"]
[White "Doric,D"]
[Black "Golod,V"]
[Result "1/2-1/2"]
[WhiteElo "2504"]
[BlackElo "2579"]

1.d4 Nf6 2.c4 g6 3.Nc3 d5 4.cxd5 Nxd5 5.e4 Nxc3 6.bxc3 Bg7 7.Be3 c5 8.Qd2 O-O
9.Rc1 e6 10.Nf3 Nd7 11.e5 Qa5 12.Bd3 b6 13.Be4 Rb8 14.O-O Ba6 15.Rfe1 cxd4
16.cxd4 Qxd2 17.Nxd2 Rfc8 18.Bc6 Nc5 19.dxc5 Rxc6 20.cxb6 Rxc1 21.Rxc1 axb6
22.f4 Bb7 23.Nc4 b5 24.Nd6 Bd5 25.a3 g5 26.g3 gxf4 27.gxf4 f6 28.exf6 Bxf6
29.Ba7 Rd8 30.Nxb5 Be4 31.Re1 Bd3 32.a4 Kf7 33.Rc1 Be4 34.Kf2 Rd3 35.Bb8 Kg6
36.Rg1+ Kh5 37.Be5 Bh4+ 38.Ke2 Rh3 39.Ra1 Bd5 40.Nc7 Rxh2+ 41.Kd3 Rh3+ 42.Kd2 Bc4
43.a5 Be7 44.Ra4 Bb3 45.Re4 Bc5 46.Bd4 Bb4+ 47.Ke2 Kg4 48.Bb6 Rh2+ 49.Ke3 Rh3+
50.Ke2 Rh2+ 51.Ke3 Rh3+ 52.Ke2 Rh2+ 53.Ke3 Rh3+  1/2-1/2

[Event "Yuzhny Open"]
[Site "Yuzhny UKR"]
[Date "2011.09.07"]
[Round "7.17"]
[White "Borzov,D"]
[Black "Voronov,Y"]
[Result "1/2-1/2"]
[WhiteElo "2146"]
[BlackElo "2294"]

1.d4 Nf6 2.c4 g6 3.Nc3 d5 4.cxd5 Nxd5 5.e4 Nxc3 6.bxc3 Bg7 7.Nf3 c5 8.Rb1 O-O
9.Be2 cxd4 10.cxd4 Qa5+ 11.Bd2 Qxa2 12.O-O a5 13.Qc1 Qe6 14.Bc4 Qxe4 15.Re1 Qf5
16.Rb5 Qd7 17.Bxa5 Nc6 18.Bb6 Qd6 19.Bc5 Qc7 20.Qg5 Bf5 21.d5 Ne5 22.Nxe5 Bxe5
23.Qxe7 Qxe7 24.Bxe7 Rfe8 25.Bb4 Bd6  1/2-1/2

[Event "Yuzhny Open"]
[Site "Yuzhny UKR"]
[Date "2011.09.07"]
[Round "8.43"]
[White "Neschetny,V"]
[Black "Svoboda,Indrzhikh"]
[Result "1-0"]
[WhiteElo "2123"]
[BlackElo "1800"]

1.d4 Nf6 2.c4 g6 3.Nc3 d5 4.cxd5 Nxd5 5.e4 Nxc3 6.bxc3 Bg7 7.Nf3 Nc6 8.Be2 O-O
9.O-O Bg4 10.Be3 e5 11.d5 Ne7 12.c4 b6 13.a4 a6 14.Nd2 Bxe2 15.Qxe2 f5 16.f3 f4
17.Bf2 Rb8 18.Rfb1 c6 19.c5 b5 20.d6 Nc8 21.axb5 axb5 22.Nb3 g5 23.Ra6 Qd7
24.Na5 Na7 25.Rxa7 Qxa7 26.Nxc6 Qb7 27.Nxb8 Rxb8 28.Qa2+ Kh8 29.Qd5 Qxd5
30.exd5 g4 31.c6 Bf6 32.c7  1-0

[Event "5th ch-Euro IBCA"]
[Site "Rhodes GRE"]
[Date "2011.09.08"]
[Round "3.7"]
[White "Grigorchuk,S"]
[Black "Pirosca,A"]
[Result "1-0"]
[WhiteElo "2252"]
[BlackElo "2063"]

1.d4 Nf6 2.c4 g6 3.Nc3 d5 4.cxd5 Nxd5 5.e4 Nxc3 6.bxc3 Bg7 7.Be3 c5 8.Qd2 Qa5
9.Rc1 Nc6 10.d5 Ne5 11.Nf3 O-O 12.Be2 Bg4 13.h3 Nxf3+ 14.Bxf3 Bd7 15.O-O c4
16.Bd4 Bxd4  1-0

[Event "Paignton Ron Bruce Premier"]
[Site "Paignton ENG"]
[Date "2011.09.09"]
[Round "6"]
[White "Crombleholme,A"]
[Black "Hodgson,Jo"]
[Result "1/2-1/2"]
[WhiteElo "2104"]
[BlackElo "2208"]

1.d4 Nf6 2.c4 g6 3.Nc3 d5 4.cxd5 Nxd5 5.e4 Nxc3 6.bxc3 Bg7 7.Bc4 c5 8.Ne2 Nc6
9.Be3 O-O 10.O-O Bd7 11.Rc1 Rc8 12.Qd2 cxd4 13.cxd4 Qa5 14.Qxa5 Nxa5 15.Bd3 Rxc1  1/2-1/2

[Event "FSIM September"]
[Site "Budapest HUN"]
[Date "2011.09.10"]
[Round "8"]
[White "Koczo,K"]
[Black "Dolgener,T"]
[Result "1/2-1/2"]
[WhiteElo "2221"]
[BlackElo "2257"]

1.d4 Nf6 2.c4 g6 3.Nc3 d5 4.cxd5 Nxd5 5.e4 Nxc3 6.bxc3 Bg7 7.Be3 c5 8.Rc1 Qa5
9.Qd2 O-O 10.d5 f5 11.c4 Qxd2+ 12.Kxd2 fxe4 13.Bxc5 Nd7 14.Be3 Ne5 15.h3 Rd8
16.Bg5 Nf7 17.Bf4 e6 18.Kc2 exd5 19.cxd5 Rxd5 20.Bc4 Rf5 21.Ne2 b5 22.Bb3 a5
23.Rhd1 Ba6 24.Rd7 b4 25.g4 Bd3+ 26.Kd2 a4 27.Be6 Rf6 28.Bd5 Rf8 29.g5 Rf5
30.Be6 b3 31.axb3 axb3 32.Bxb3 Bxe2 33.Bd6 Bb5 34.Rxf7 R5xf7 35.Bxf8 Bxf8
36.Rc7 Be8 37.Ke3 Kg7 38.Bxf7 Bxf7 39.Kxe4 Bd6 40.Rd7 Bb4 41.f4 Bc3 42.Rc7 Bb2
43.h4 Kg8  1/2-1/2

[Event "13th Trieste Open"]
[Site "Trieste ITA"]
[Date "2011.09.10"]
[Round "9"]
[White "Timoshenko,G"]
[Black "Khmelniker,I"]
[Result "1/2-1/2"]
[WhiteElo "2572"]
[BlackElo "2518"]

1.d4 Nf6 2.c4 g6 3.Nc3 d5 4.cxd5 Nxd5 5.e4 Nxc3 6.bxc3 Bg7 7.Bg5 c5 8.Rc1 Qa5
9.Qd2 Nc6 10.d5 h6 11.Bf4 Ne5 12.Be2 g5 13.Be3 Ng6 14.g3 e6 15.h4 gxh4 16.gxh4 exd5
17.exd5 Bf5 18.Bd3 Bxd3 19.Qxd3 Ne5 20.Qf5 Qxa2 21.Rd1 Qc4 22.Ne2 Nd7 23.Rg1 Bxc3+
24.Kf1 Be5 25.Rg4 Qb3 26.Rd2 Bd6 27.Ng3 Qb5+ 28.Kg2 O-O-O 29.Ne4 Bc7 30.Bxc5 Kb8
31.Bd6 Rc8 32.Rc2 a6 33.h5 Rhd8 34.Rg3 Qa4 35.Rgc3 Bxd6 36.Rxc8+ Rxc8 37.Rxc8+ Kxc8
38.Nxd6+ Kc7 39.Nxf7 Qd4 40.Qe6 Qf6 41.Qe8 Qg7+ 42.Kh3 Qc3+ 43.Kg2 Qg7+ 44.Kh2 Qf6
45.Kg2  1/2-1/2

[Event "2nd Zlatni Rat Open"]
[Site "Bol CRO"]
[Date "2011.09.11"]
[Round "2.1"]
[White "Martic,Z"]
[Black "Brkic,A"]
[Result "0-1"]
[WhiteElo "2364"]
[BlackElo "2606"]

1.d4 g6 2.c4 Nf6 3.Nc3 d5 4.cxd5 Nxd5 5.e4 Nxc3 6.bxc3 Bg7 7.Nf3 c5 8.Bb5+ Nc6
9.d5 Qa5 10.Rb1 a6 11.Ba4 b5 12.dxc6 Bxc3+ 13.Bd2 Bxd2+ 14.Qxd2 Qxa4 15.O-O Qxe4
16.Rbd1 O-O 17.Rfe1 Qxc6 18.Qh6 Qf6  0-1

[Event "1st Barclays Open A"]
[Site "Rome ITA"]
[Date "2011.09.11"]
[Round "9.4"]
[White "Fier,A"]
[Black "Bosiocic,Mari"]
[Result "1/2-1/2"]
[WhiteElo "2583"]
[BlackElo "2593"]

1.d4 Nf6 2.c4 g6 3.Nc3 d5 4.cxd5 Nxd5 5.e4 Nxc3 6.bxc3 Bg7 7.Bc4 c5 8.Ne2 Nc6
9.Be3 O-O 10.O-O Bd7 11.Rb1 Qc7 12.Bd3 Rad8 13.Qc1 a6 14.Rd1 b5 15.h3 Rc8
16.dxc5 Ne5 17.Nf4 e6 18.c4 b4 19.Rxb4 Qa5 20.a3 Ba4 21.Bc2 Bc6 22.Rd6 Rfd8
23.Nd3 Nd7 24.f3 e5 25.Rb6 Nxb6 26.Rxd8+ Rxd8 27.Bd2 Bh6 28.Bxa5 Bxc1 29.Bxb6 Be3+
30.Kf1 Rd4 31.Nxe5 Rd2 32.Nxc6 Rf2+ 33.Ke1 Rxc2 34.Ne7+ Kf8 35.Nd5 Bf2+ 36.Kf1 Bg3
37.c6 Rxc4 38.c7 Bd6 39.Ke2 Ke8 40.Kd3 Rc6 41.a4 Kd7 42.g4 h5 43.a5 hxg4
44.hxg4 g5 45.Be3 Bxc7 46.Nxc7 Rxc7 47.Bxg5 Ke6 48.Bd2 Rd7+ 49.Ke3 f6 50.f4 Rb7
51.Bc3 Rc7 52.Kd3 Rg7 53.g5 Rd7+ 54.Bd4 fxg5 55.fxg5 Rb7 56.g6 Rb5 57.g7 Kf7
58.Bc3 Rc5 59.Kd2 Rg5 60.Kd3 Rg4 61.Bd4 Rg5 62.Bc3 Rg4  1/2-1/2

[Event "ch-Euro Youth b16"]
[Site "Albena BUL"]
[Date "2011.09.13"]
[Round "3.29"]
[White "Muskardin,M"]
[Black "Silva,Luis"]
[Result "1/2-1/2"]
[WhiteElo "2182"]
[BlackElo "2038"]

1.d4 Nf6 2.c4 g6 3.Nc3 d5 4.cxd5 Nxd5 5.e4 Nxc3 6.bxc3 Bg7 7.Be3 c5 8.Nf3 Nc6
9.Qd2 Qa5 10.Rc1 cxd4 11.cxd4 Qxd2+ 12.Kxd2 O-O 13.Bb5 Rd8 14.Rc4 f5 15.Bxc6 bxc6
16.e5 Be6 17.Rxc6 Bxa2 18.Rc7 e6 19.Ra1 Bd5 20.Bg5 Rdb8 21.Raxa7 Rxa7 22.Rxa7 Rb2+  1/2-1/2

[Event "ch-Euro Youth b18"]
[Site "Albena BUL"]
[Date "2011.09.13"]
[Round "3.13"]
[White "Ferreira,Jor1"]
[Black "Tomazini,A"]
[Result "1/2-1/2"]
[WhiteElo "2338"]
[BlackElo "2318"]

1.d4 Nf6 2.c4 g6 3.Nc3 d5 4.cxd5 Nxd5 5.e4 Nxc3 6.bxc3 Bg7 7.Nf3 c5 8.Rb1 O-O
9.Be2 Nc6 10.d5 Ne5 11.Nxe5 Bxe5 12.O-O Bxc3 13.Bh6 Re8 14.Qb3 Bd4 15.Be3 e5
16.Bb5 Rf8 17.Bh6 a6 18.Bxf8 Qxf8 19.Be2 b5  1/2-1/2

[Event "ch-Euro Youth b18"]
[Site "Albena BUL"]
[Date "2011.09.13"]
[Round "3.25"]
[White "Aliakbarov,A"]
[Black "Ben Artzi,I"]
[Result "1/2-1/2"]
[WhiteElo "2176"]
[BlackElo "2258"]

1.d4 Nf6 2.c4 g6 3.Nc3 d5 4.cxd5 Nxd5 5.e4 Nxc3 6.bxc3 Bg7 7.Nf3 c5 8.Bb5+ Nc6
9.O-O O-O 10.Be3 Bg4 11.d5 Ne5 12.Be2 Qa5 13.Nxe5 Bxe2 14.Qxe2 Bxe5 15.Rab1 b6
16.c4 e6 17.f4 Bg7 18.dxe6 fxe6 19.Rbd1 Qa4 20.Rd6 Rad8 21.Qd1 Qxd1 22.Rfxd1 Rxd6
23.Rxd6 e5 24.fxe5 Bxe5 25.Rd7 Rf7 26.Rxf7 Kxf7 27.Kf2 Ke6 28.Kf3 Bb2 29.a4 Bd4
30.Bf4 Be5 31.h4 Kf6 32.g4 a6 33.g5+ Ke6 34.Ke3 Bd4+ 35.Kf3 Be5 36.Ke3 Kd6  1/2-1/2

[Event "2nd Zlatni Rat Open"]
[Site "Bol CRO"]
[Date "2011.09.13"]
[Round "5.7"]
[White "Lekic,Du"]
[Black "Dulic,G"]
[Result "1-0"]
[WhiteElo "2397"]
[BlackElo "2269"]

1.d4 Nf6 2.c4 g6 3.Nc3 d5 4.cxd5 Nxd5 5.e4 Nxc3 6.bxc3 Bg7 7.Bc4 O-O 8.Ne2 c5
9.O-O Nc6 10.Be3 Qc7 11.Rc1 b6 12.Qd2 Bb7 13.Bh6 e6 14.Bxg7 Kxg7 15.Qe3 Rac8
16.h4 Qe7 17.Qg3 cxd4 18.cxd4 e5 19.d5 Na5 20.Bd3 Rxc1 21.Rxc1 Rc8 22.Rf1 Nc4
23.f4 f6 24.fxe5 Nxe5 25.Nd4 Kh8 26.Be2 Qc5 27.Qf2 Rf8 28.Ne6 Qxf2+ 29.Rxf2 Rf7
30.Nd8 Rd7 31.Nxb7 Rxb7 32.Rxf6 Re7 33.d6 Rd7 34.Bb5 Rd8 35.Re6 Nf7 36.d7 Kg7
37.Re8 a6 38.Bc6 Kf6 39.e5+ Nxe5 40.Rxd8 Nxc6 41.Rc8  1-0

[Event "FIDE World Cup 2011"]
[Site "Khanty-Mansiysk RUS"]
[Date "2011.09.13"]
[Round "6.2"]
[White "Ponomariov,R"]
[Black "Svidler,P"]
[Result "0-1"]
[WhiteElo "2764"]
[BlackElo "2739"]

1.d4 Nf6 2.c4 g6 3.Nc3 d5 4.cxd5 Nxd5 5.e4 Nxc3 6.bxc3 Bg7 7.Qa4+ Bd7 8.Qa3 Nc6
9.Nf3 e5 10.Be3 exd4 11.cxd4 Qe7 12.Qxe7+ Nxe7 13.Rb1 O-O-O 14.Bc4 f5 15.Ng5 fxe4
16.Nf7 Nf5 17.O-O Nxd4 18.Bxd4 Bxd4 19.Nxh8 Rxh8 20.Bd5 b5 21.Bxe4 c5 22.g3 a5
23.Kg2 b4 24.Bd5 Kc7 25.Bc4 Kd6 26.Rfe1 a4 27.f3 Rb8 28.Re2 Bf5 29.Rd1 b3
30.axb3 axb3 31.g4 Bd7 32.Re3 b2 33.Rb3 Rxb3 34.Bxb3 Bb5 35.Ba2 Kc6 36.Rd2 Kb6
37.f4 Bc6+ 38.Kg3 Be4 39.Rd1 Kb5 40.Re1 Bd3 41.Re7 c4 42.Rd7 c3 43.Rd5+ Bc5  0-1

[Event "ch-Nordic Senior"]
[Site "Reykjavik ISL"]
[Date "2011.09.13"]
[Round "4.12"]
[White "Gudmundsson,Ei"]
[Black "Kristiansen,E"]
[Result "0-1"]
[WhiteElo "1713"]
[BlackElo "2220"]

1.d4 Nf6 2.c4 g6 3.Nc3 d5 4.cxd5 Nxd5 5.e4 Nxc3 6.bxc3 Bg7 7.Bc4 c5 8.Ne2 cxd4
9.cxd4 O-O 10.O-O Nc6 11.Be3 Bg4 12.f3 Na5 13.Bd3 Be6 14.Qa4 a6 15.Rac1 b5
16.Qa3 Nc4 17.Bxc4 Bxc4 18.Rfe1 Bxe2 19.Rxe2 Bxd4 20.Rd2 Bxe3+ 21.Qxe3 Qa5
22.Qc3 Qxc3 23.Rxc3 Rfc8 24.Rcd3 Rc7 25.Rb2 Rac8 26.Rdd2 Rc4 27.Kf2 Kf8 28.Kg3 Ke8
29.Re2 R8c5 30.Red2 a5 31.Rd3 Rc2 32.Rdb3 Rxb2 33.Rxb2 Kd7 34.Kf4 Kc6 35.Ke3 b4
36.f4 Kb5 37.Kd4 a4 38.g4 Rc4+ 39.Kd3 Rc3+ 40.Kd4 Rf3 41.f5 gxf5 42.gxf5 a3
43.Rc2 Rh3 44.Rc5+ Ka4 45.Rc2 Rh6 46.e5 Rb6 47.Rc7 b3 48.Kc4 Rb4+ 49.Kc3 bxa2
50.Ra7+ Kb5 51.Rxa3 Ra4 52.Rxa4 Kxa4 53.Kb2 Kb5  0-1

[Event "2nd Livigno Open A"]
[Site "Livigno ITA"]
[Date "2011.09.15"]
[Round "6.4"]
[White "Polak,T"]
[Black "Hunt,A"]
[Result "1/2-1/2"]
[WhiteElo "2543"]
[BlackElo "2437"]

1.d4 Nf6 2.c4 g6 3.Nc3 d5 4.cxd5 Nxd5 5.e4 Nxc3 6.bxc3 Bg7 7.Nf3 c5 8.Rb1 O-O
9.Be2 Nc6 10.d5 Ne5 11.Nxe5 Bxe5 12.Qd2 e6 13.f4 Bg7 14.c4 Re8 15.e5 f6 16.d6 fxe5
17.Bb2 exf4 18.Bxg7 Kxg7 19.O-O Rf8 20.Rxf4 Rxf4 21.Qxf4 Qf6 22.Qe4 Rb8 23.Rf1 Qd4+
24.Qxd4+ cxd4 25.Rb1 Bd7 26.Bf3 b6 27.c5 Rc8 28.c6 Bxc6 29.Rc1 Bd7 30.Rxc8 Bxc8
31.Bc6 Kf6 32.d7 Bxd7 33.Bxd7 Ke5 34.Kf2  1/2-1/2